Представление документа в формате RUSMARC

ПолеНазваниеЗначение
  Тип записи a
  Библиографический уровень m
001 Контрольный номер f51dfad6dc9843f4bc28a5962a97c795
005 Дата корректировки 20241022093933.0
010 Индекс ISBN __
a ISBN 978-5-04-090434-1 (в пер.)
d Цена 225-00; 245-17, 4000 экз.
100 Данные общей обработки __
a Данные общей обработки 19181221d2018||||||| 0rusy0189 ca
101 Язык документа 0_
a Язык текста rus
102 Страна публикации __
a Страна публикации ru
102 Страна публикации __
a Страна публикации RU
105 Кодированные данные (монография) __
a Кодированные данные (монография) a||||||||||zy
200 Заглавие и сведения об ответственности 1_
a Заглавие Планета чудовищ
e Сведения, относящиеся к заглавию [для среднего школьного возраста]
f Первые сведения об ответственности Эдуард Веркин ; [в оформлении переплета использована работа художника Виктории Тимофеевой]
b Общее обозначение материала Текст
210 Выходные данные __
a Место издания Москва
c Издательство ЭКСМО
d Дата издания 2018
215 Физическое описание __
a Объем 284, [2] с.
d Формат 22 см
225 Серия __
a Серия Настоящие приключения. Повести для подростков Эдуарда Веркина
225 Серия __
a Серия Дружим с детства!
330 Аннотация __
a Аннотация Чудеса обычно случаются без предупреждения - и, к сожалению, не всегда оказываются добрыми. Тимофей Кольцов привык к спокойной и безопасной жизни в мире будущего, когда люди уже забыли о том, что такое войны и катастрофы. С ним никогда ничего не случалось, а самой большой неприятностью казалась практика на обледеневшем спутнике Юпитера. Но, сбежав с Европы в компании одного странного парня и одной неприятной девицы, Тимофей очутился в месте, которое просто не мог себе представить. На планете, где опасность подстерегает на каждом шагу.
333 Примечание о целевом назначении __
a Примечание о целевом назначении 12+. Для детей старше 12 лет
606 Тематические рубрики __
a Основная рубрика Художественная литература
606 Тематические рубрики __
a Основная рубрика Современная русская литература (произведения)
z Хронологическая подрубрика 21 в. нач.
610 Ключевые слова __
a Ключевые слова детская литература
610 Ключевые слова __
a Ключевые слова фэнтези
610 Ключевые слова __
a Ключевые слова фэнтези
610 Ключевые слова __
a Ключевые слова тема приключений
610 Ключевые слова __
a Ключевые слова тема космоса
610 Ключевые слова __
a Ключевые слова тема подростков
610 Ключевые слова __
a Ключевые слова повести
610 Ключевые слова __
a Ключевые слова приключенческие повести
686 Индексы других классификаций __
2 Код системы rubbks
a Классификационный индекс 84(2=411.2)6-4; ст84(2=411.2)6-4
700 Автор _1
a Фамилия Веркин
b Имя Э. Н.
f Даты 1975-
g Полное личное имя Эдуард Николаевич
4 Код отношения 070
702 Вторичная интеллектуальная ответственность _1
a Фамилия Тимофеева
b Имя В.
4 Код отношения Художник
g Полное личное имя Виктория
4 Код отношения 040
801 Источник записи _0
a Страна ru
b Организация Муниципальное бюджетное учреждение культуры "Централизованная библиотечная система" г. Сургут (Центральная городская библиотека им. А. С. Пушкина)
c Дата составления 20181221
g Правила каталогизации PSBO
801 Источник записи _1
a Страна ru
b Организация Муниципальное бюджетное учреждение культуры "Централизованная библиотечная система" г. Сургут (Центральная городская библиотека им. А. С. Пушкина)
c Дата составления 20181221
g Правила каталогизации PSBO
852 Данные о местонахождении __
j Шифр хранения 84(2=411.2)6-4
i Авторский знак В 32
901 Тип документа __
t Тип документа m
a Ответственный ООФиК/Волкова
903 Характеристики (МАРС) __
a Дата передачи 20190218; 20181221
969 Тип издания __
a Тип издания издание для детей
990 Данные о заказе (DOS) __
j Количество экземпляров (DOS) 1; 8
t N записи в КСУ для И/У (DOS) 201903; 201901